[Event "Olimpiade 2014 - Open"]
[Site "Tromsø"]
[Date "08.08.2014"]
[Round "6.10"]
[Board "3"]
[White "Tiviakov, Sergei"]
[Black "Toufighi, Homayoon"]
[Result "1-0"]
[WhiteTitle "GM"]
[BlackTitle "GM"]
[WhiteElo "2664"]
[BlackElo "2424"]
[WhiteTeam "Netherlands"]
[BlackTeam "Iran"]
[WhiteFideId "1008013"]
[BlackFideId "12503592"]
[EventDate "2014.08.02"]

1. e4 e6 2. d4 d5 3. Nd2 c5 4. exd5 Qxd5 5. dxc5 Bxc5 6. Ngf3 Nf6 7. Bc4 Qc6 8.
Qe2 a6 9. Nb3 Bd6 10. a4 b6 11. Nbd4 Qc5 12. O-O O-O 13. Rd1 Bc7 14. b3 Re8 15.
Ng5 Nc6 16. Ndf3 Bb7 17. Bb2 Nb4 18. Ne5 Bxe5 19. Bxe5 Rad8 20. c3 Nc6 21. Bxf6
gxf6 22. Ne4 Qe5 23. f4 Qf5 24. Qe3 Rxd1+ 25. Rxd1 Rd8 26. Nd6 Qg6 27. Qe2 Na5
28. f5 Qg5 29. fxe6 fxe6 30. Qxe6+ Kg7 31. Qe7+ Kg6 32. Bd3+ 1-0

[Event "Olimpiade 2014 - Open"]
[Site "Tromsø"]
[Date "08.08.2014"]
[Round "6.10"]
[Board "4"]
[White "Golizadeh, Asghar"]
[Black "Van Kampen, Robin"]
[Result "0-1"]
[WhiteTitle "GM"]
[BlackTitle "GM"]
[WhiteElo "2490"]
[BlackElo "2638"]
[WhiteTeam "Iran"]
[BlackTeam "Netherlands"]
[WhiteFideId "12505269"]
[BlackFideId "1020854"]
[EventDate "2014.08.02"]

1. e4 c5 2. Nf3 Nc6 3. Bb5 g6 4. Bxc6 bxc6 5. O-O Bg7 6. Re1 Rb8 7. c3 Nf6 8. d4
cxd4 9. cxd4 O-O 10. Nc3 d6 11. h3 Nd7 12. b3 c5 13. Bg5 Re8 14. Rc1 Bb7 15. Nd5
h6 16. Bh4 g5 17. Bg3 Rc8 18. Qd2 a6 19. Red1 e6 20. Nc3 cxd4 21. Nxd4 Qb6 22.
Na4 Qa7 23. Rxc8 Rxc8 24. Qb4 d5 25. Qd6 Ba8 26. Qb4 dxe4 27. h4 gxh4 28. Bxh4
Ne5 29. Qd6 Ng6 30. Nxe6 Nxh4 31. Nxg7 Kxg7 32. Nb6 Rc2 33. Qe5+ Kh7 34. Qf6 Rc6
35. Qxh4 Rxb6 36. Qh3 Re6 37. Rd8 e3 38. Qf5+ Kg7 39. Qg4+ Rg6 40. Qc8 exf2+ 0-1

[Event "Olimpiade 2014 - Open"]
[Site "Tromsø"]
[Date "08.08.2014"]
[Round "6.11"]
[Board "1"]
[White "Urkedal, Frode"]
[Black "Navara, David"]
[Result "0-1"]
[WhiteTitle "IM"]
[BlackTitle "GM"]
[WhiteElo "2500"]
[BlackElo "2716"]
[WhiteTeam "Norway 2"]
[BlackTeam "Czech Republic"]
[WhiteFideId "1506102"]
[BlackFideId "309095"]
[EventDate "2014.08.02"]

1. d4 Nf6 2. c4 e6 3. Nf3 d5 4. Nc3 Bb4 5. Bg5 dxc4 6. e4 c5 7. Bxc4 cxd4 8.
Nxd4 Bxc3+ 9. bxc3 Qa5 10. Bb5+ Nbd7 11. Bxf6 Qxc3+ 12. Kf1 gxf6 13. Nxe6 Qe5
14. Nd4 O-O 15. Qd3 Kh8 16. Re1 Nc5 17. Qe3 Ne6 0-1

[Event "Olimpiade 2014 - Open"]
[Site "Tromsø"]
[Date "08.08.2014"]
[Round "6.11"]
[Board "2"]
[White "Laznicka, Viktor"]
[Black "Hansen, Torbjorn Ringdal"]
[Result "1/2-1/2"]
[WhiteTitle "GM"]
[BlackTitle "IM"]
[WhiteElo "2676"]
[BlackElo "2450"]
[WhiteTeam "Czech Republic"]
[BlackTeam "Norway 2"]
[WhiteFideId "316385"]
[BlackFideId "1501720"]
[EventDate "2014.08.02"]

1. d4 Nf6 2. c4 e6 3. Nf3 Bb4+ 4. Nbd2 b6 5. a3 Bxd2+ 6. Qxd2 a5 7. b3 Bb7 8. e3
O-O 9. Be2 d5 10. O-O Nbd7 11. a4 c5 12. Ba3 Re8 13. Rfd1 Rc8 14. Rac1 Qc7 15.
Qb2 e5 16. dxc5 Nxc5 17. cxd5 Bxd5 18. Nd2 Red8 19. Ba6 Ra8 20. Bf1 Rac8 21. Rc3
Be6 22. Rcc1 Bg4 23. Re1 Be6 24. h3 h6 25. Nf3 Qb7 26. Bxc5 bxc5 27. Nxe5 Qxb3
28. Qxb3 Bxb3 29. Bb5 Rd2 30. Nc6 Ra8 31. Rxc5 Ne4 32. Rf5 Nc3 33. Ra1 g6 34.
Rf4 Rb2 35. Nd4 Nxb5 36. axb5 Bc4 37. Rf6 a4 38. Ra6 Rxa6 39. bxa6 Bxa6 40. Rxa4
Bb7 41. Ra5 Kg7 42. h4 h5 43. Rc5 Be4 44. f3 Bb1 45. Rc7 Ba2 46. Kh2 Kf6 47. Kg3
Ke5 48. Rc5+ Kf6 49. e4 Rd2 50. e5+ Kg7 51. Nb5 Be6 52. Nd6 Ra2 53. Ne4 Re2 54.
Ng5 Ba2 55. f4 Rb2 56. Kf3 Rb3+ 57. Kf2 Rb2+ 58. Kg3 Rb3+ 59. Kh2 Rb2 60. Rc7
Kg8 61. Ne4 Kg7 62. Ng5 Kg8 63. Rd7 Rc2 64. Ne4 Kg7 65. Ng5 Kg8 66. Nf3 Rb2 67.
Ng5 Bc4 68. Nf3 Ba2 69. Kg3 Bc4 70. Nd2 Be6 71. Rd6 Kg7 72. Kf3 Ra2 73. g3 Ra3+
74. Kf2 Ra2 75. Ke3 Bf5 76. Rb6 Be6 77. Rd6 Bf5 78. Rb6 Be6 79. Ne4 Ra3+ 80. Kf2
Ra2+ 81. Ke1 Ra3 82. Kd2 Ra2+ 83. Ke1 Ra3 84. Kd2 Ra2+ 85. Ke1 1/2-1/2

[Event "Olimpiade 2014 - Open"]
[Site "Tromsø"]
[Date "08.08.2014"]
[Round "6.11"]
[Board "3"]
[White "Tari, Aryan"]
[Black "Hracek, Zbynek"]
[Result "0-1"]
[WhiteTitle "IM"]
[BlackTitle "GM"]
[WhiteElo "2440"]
[BlackElo "2634"]
[WhiteTeam "Norway 2"]
[BlackTeam "Czech Republic"]
[WhiteFideId "1510045"]
[BlackFideId "300071"]
[EventDate "2014.08.02"]

1. e4 e5 2. Nf3 Nc6 3. Bb5 a6 4. Ba4 Nf6 5. O-O Be7 6. d3 d6 7. c4 O-O 8. Be3
Ng4 9. Bc1 f5 10. h3 Nf6 11. Be3 f4 12. Bc1 g5 13. Nxg5 Qe8 14. Nf3 Kh8 15. Kh1
Rg8 16. Rg1 Qh5 17. Bxc6 Bxh3 18. gxh3 Rxg1+ 19. Qxg1 Qxf3+ 20. Kh2 Rg8 21. Nd2
Qh5 22. Qxg8+ Nxg8 23. Bxb7 Qe2 0-1

[Event "Olimpiade 2014 - Open"]
[Site "Tromsø"]
[Date "08.08.2014"]
[Round "6.11"]
[Board "4"]
[White "Babula, Vlastimil"]
[Black "Salomon, Johan"]
[Result "1/2-1/2"]
[WhiteTitle "GM"]
[WhiteElo "2549"]
[BlackElo "2353"]
[WhiteTeam "Czech Republic"]
[BlackTeam "Norway 2"]
[WhiteFideId "301264"]
[BlackFideId "1509500"]
[EventDate "2014.08.02"]

1. d4 Nf6 2. c4 e6 3. Nf3 Bb4+ 4. Bd2 Qe7 5. g3 Bxd2+ 6. Qxd2 Nc6 7. Nc3 d5 8.
b3 O-O 9. Bg2 Rd8 10. O-O dxc4 11. bxc4 Nxd4 12. Nxd4 e5 13. Nd5 Nxd5 14. cxd5
exd4 15. Qxd4 c6 16. e4 cxd5 17. exd5 Qd6 18. Rac1 Bd7 19. Qc3 Rdc8 20. Qa5 a6
21. h4 Rxc1 22. Rxc1 Rc8 23. Re1 Re8 24. Rc1 Rc8 25. Re1 Re8 26. Rc1 1/2-1/2

[Event "Olimpiade 2014 - Open"]
[Site "Tromsø"]
[Date "08.08.2014"]
[Round "6.12"]
[Board "1"]
[White "Adams, Michael"]
[Black "Aronian, Levon"]
[Result "1/2-1/2"]
[WhiteTitle "GM"]
[BlackTitle "GM"]
[WhiteElo "2740"]
[BlackElo "2805"]
[WhiteTeam "England"]
[BlackTeam "Armenia"]
[WhiteFideId "400041"]
[BlackFideId "13300474"]
[EventDate "2014.08.02"]

1. e4 e5 2. Nf3 Nc6 3. Bb5 a6 4. Ba4 Nf6 5. O-O Be7 6. Re1 b5 7. Bb3 O-O 8. c3
d5 9. exd5 Nxd5 10. Nxe5 Nxe5 11. Rxe5 c6 12. d3 Bd6 13. Re1 Bf5 14. Qf3 Qh4 15.
g3 Qh3 16. Be3 Bxd3 17. Nd2 Qf5 18. Bd4 Rfe8 19. a4 h6 20. Kg2 Qxf3+ 21. Kxf3
Rxe1 22. Rxe1 Bf5 23. Ne4 Bf8 24. Nc5 Nb6 25. g4 Nd7 26. gxf5 Nxc5 27. Bxc5 Bxc5
28. Rd1 Kf8 29. Rd7 Ra7 30. Rxa7 Bxa7 31. axb5 1/2-1/2

[Event "Olimpiade 2014 - Open"]
[Site "Tromsø"]
[Date "08.08.2014"]
[Round "6.12"]
[Board "3"]
[White "Short, Nigel D"]
[Black "Movsesian, Sergei"]
[Result "0-1"]
[WhiteTitle "GM"]
[BlackTitle "GM"]
[WhiteElo "2665"]
[BlackElo "2672"]
[WhiteTeam "England"]
[BlackTeam "Armenia"]
[WhiteFideId "400025"]
[BlackFideId "310204"]
[EventDate "2014.08.02"]

1. e4 c5 2. Nf3 e6 3. g3 Nc6 4. Bg2 Nf6 5. Qe2 e5 6. O-O Be7 7. Na3 O-O 8. c3
Re8 9. d3 h6 10. Nc4 Bf8 11. h3 d6 12. a4 Be6 13. Bd2 Qc7 14. Ne3 Qd7 15. Kh2 d5
16. exd5 Nxd5 17. Nc4 f6 18. Rfd1 Rad8 19. Ne1 Bf7 20. a5 Qc7 21. Kg1 g6 22. Nc2
f5 23. Qf1 Qd7 24. Be1 Bg7 25. Bf3 Kh7 26. Qg2 Qe6 27. N2e3 Nde7 28. h4 Rd7 29.
Rd2 Red8 30. Rad1 h5 31. a6 b6 32. Na3 Qf6 33. Nac4 Bh6 34. Qf1 b5 35. Na3 Bb3
36. Nxb5 Bxd1 37. Rxd1 e4 38. dxe4 Ne5 39. Be2 fxe4 40. Rxd7 Rxd7 41. Nc4 Nf3+
42. Kh1 Qxa6 43. Bxf3 exf3 44. Ne5 Rd1 45. Nxf3 Qe6 46. Kg2 Qe4 47. b4 Rd3 0-1

[Event "Olimpiade 2014 - Open"]
[Site "Tromsø"]
[Date "08.08.2014"]
[Round "6.12"]
[Board "4"]
[White "Akopian, Vladimir"]
[Black "Sadler, Matthew D"]
[Result "1/2-1/2"]
[WhiteTitle "GM"]
[BlackTitle "GM"]
[WhiteElo "2655"]
[BlackElo "2653"]
[WhiteTeam "Armenia"]
[BlackTeam "England"]
[WhiteFideId "13300032"]
[BlackFideId "400173"]
[EventDate "2014.08.02"]

1. e4 e6 2. d4 d5 3. Nd2 Nf6 4. e5 Nfd7 5. c3 c5 6. Bd3 Nc6 7. Ne2 cxd4 8. cxd4
f6 9. exf6 Nxf6 10. Nf3 Bd6 11. O-O O-O 12. Bf4 Bxf4 13. Nxf4 Ng4 14. Qd2 Qf6
15. Nh5 Qh6 16. Qxh6 Nxh6 17. Rac1 Nf5 18. Bxf5 Rxf5 19. Ng3 Rf7 20. Rfe1 Bd7
21. b4 a6 22. a4 Rf4 23. Ne2 Rff8 24. Rb1 Rac8 25. b5 axb5 26. axb5 Na5 27. Ne5
Be8 28. g3 g5 29. Nc1 Rc3 30. b6 Nc4 31. Ncd3 Bg6 32. Nxg6 hxg6 33. Rbd1 Rf3 34.
Ne5 Nxe5 35. Rxe5 Rc2 36. Rxe6 Rfxf2 37. Rxg6+ Kh7 38. Rxg5 Rg2+ 1/2-1/2

[Event "Olimpiade 2014 - Open"]
[Site "Tromsø"]
[Date "08.08.2014"]
[Round "6.13"]
[Board "1"]
[White "Lupulescu, Constantin"]
[Black "Zhigalko, Sergei"]
[Result "1-0"]
[WhiteTitle "GM"]
[BlackTitle "GM"]
[WhiteElo "2625"]
[BlackElo "2678"]
[WhiteTeam "Romania"]
[BlackTeam "Belarus"]
[WhiteFideId "1207822"]
[BlackFideId "13502956"]
[EventDate "2014.08.02"]

1. d4 Nf6 2. c4 e6 3. Nc3 Bb4 4. Nf3 b6 5. Qb3 a5 6. g3 Bb7 7. Bg2 O-O 8. O-O h6
9. Rd1 Re8 10. Bf4 Bxc3 11. Qxc3 d6 12. b3 Nbd7 13. Bc1 a4 14. b4 b5 15. cxb5
Qb8 16. Bf1 Nd5 17. Qd3 Nxb4 18. Qd2 Nd5 19. Ba3 f5 20. Rdc1 N7f6 21. Qd3 Qa7
22. Nd2 Rad8 23. e3 Qa8 24. Rc2 Ne4 25. Rac1 Nxd2 26. Qxd2 Rd7 27. Bb4 Ree7 28.
Ba5 Rf7 29. Rc4 Nf6 30. f4 Ne4 31. Qb4 Bd5 32. Rxc7 Rxc7 33. Bxc7 Bxa2 34. b6
Bd5 35. Bb5 a3 36. Ra1 a2 37. Bc4 Kh7 38. Rxa2 Qc6 39. Bxd5 Qc1+ 40. Kg2 exd5
41. Qb2 Qxe3 42. Qe2 Qxd4 43. b7 Rxc7 44. b8=Q Rc1 45. Qa7 Qf6 46. Rc2 Ra1 47.
Qb6 d4 48. Qc4 Nc5 49. Qb8 Ne6 50. Qe8 d5 51. Qcc8 1-0

[Event "Olimpiade 2014 - Open"]
[Site "Tromsø"]
[Date "08.08.2014"]
[Round "6.13"]
[Board "2"]
[White "Zhigalko, Andrey"]
[Black "Parligras, Mircea-Emilian"]
[Result "1/2-1/2"]
[WhiteTitle "GM"]
[BlackTitle "GM"]
[WhiteElo "2580"]
[BlackElo "2574"]
[WhiteTeam "Belarus"]
[BlackTeam "Romania"]
[WhiteFideId "13502247"]
[BlackFideId "1204297"]
[EventDate "2014.08.02"]

1. d4 Nf6 2. c4 e6 3. Nf3 d5 4. Bg5 Bb4+ 5. Nbd2 dxc4 6. e3 h6 7. Bxf6 Qxf6 8.
Bxc4 O-O 9. O-O Nd7 10. Ne4 Qe7 11. Rc1 e5 12. a3 exd4 13. Ng3 Ba5 14. exd4 Nf6
15. Ne5 Be6 16. Qb3 Bb6 17. Rfe1 Bxc4 18. Nxc4 Qd7 19. Nxb6 axb6 20. Qf3 Ra5 21.
Qxb7 Qxd4 22. Rxc7 Qxb2 23. Rcc1 Re5 24. Qf3 Rfe8 25. Red1 Ra5 26. Rb1 Qxa3 27.
Qxa3 Rxa3 28. Rxb6 Ra5 29. h3 Rae5 30. Rbd6 Ne4 31. Nxe4 Rxe4 1/2-1/2

[Event "Olimpiade 2014 - Open"]
[Site "Tromsø"]
[Date "08.08.2014"]
[Round "6.13"]
[Board "3"]
[White "Jianu, Vlad-Cristian"]
[Black "Kovalev, Vladislav"]
[Result "1-0"]
[WhiteTitle "GM"]
[BlackTitle "GM"]
[WhiteElo "2579"]
[BlackElo "2532"]
[WhiteTeam "Romania"]
[BlackTeam "Belarus"]
[WhiteFideId "1208110"]
[BlackFideId "13504398"]
[EventDate "2014.08.02"]

1. c4 Nf6 2. g3 g6 3. Bg2 Bg7 4. Nc3 c5 5. Nf3 Nc6 6. d4 cxd4 7. Nxd4 Qa5 8. Nb3
Qb4 9. c5 Ne4 10. O-O Nxc3 11. bxc3 Qxc3 12. Rb1 O-O 13. Bb2 Qb4 14. Bxg7 Kxg7
15. Qd3 Rd8 16. a3 Qa4 17. Rfd1 d6 18. Bd5 Bf5 19. e4 Ne5 20. Qc3 Bxe4 21. cxd6
exd6 22. Nc5 Rac8 23. Nxa4 Rxc3 24. Nxc3 Bxb1 25. Rxb1 Rc8 26. Nb5 a6 27. Bxb7 1-0

[Event "Olimpiade 2014 - Open"]
[Site "Tromsø"]
[Date "08.08.2014"]
[Round "6.13"]
[Board "4"]
[White "Stupak, Kirill"]
[Black "Vajda, Levente"]
[Result "1/2-1/2"]
[WhiteTitle "GM"]
[BlackTitle "GM"]
[WhiteElo "2514"]
[BlackElo "2561"]
[WhiteTeam "Belarus"]
[BlackTeam "Romania"]
[WhiteFideId "13503758"]
[BlackFideId "1203975"]
[EventDate "2014.08.02"]

1. d4 Nf6 2. Nf3 g6 3. g3 Bg7 4. Bg2 O-O 5. O-O d6 6. c4 Nbd7 7. Nc3 e5 8. dxe5
dxe5 9. b3 Re8 10. e4 c6 11. Qc2 Nc5 12. Rd1 Qc7 13. Ba3 Qa5 14. Bb2 Bg4 15. a3
Qc7 16. b4 Ne6 17. Ne2 Bxf3 18. Bxf3 a5 19. c5 axb4 20. axb4 Rxa1 21. Bxa1 b6
22. cxb6 Qxb6 23. Bxe5 Ng5 24. Bxf6 Nxf3+ 25. Kg2 Bxf6 26. Kxf3 Qxb4 27. Nf4 Bc3
28. Rb1 Qd4 29. Rb3 Bb4 30. Qxc6 Rxe4 31. Qa8+ Kg7 32. Qxe4 Qd1+ 33. Kg2 Qxb3
34. Nd5 Bf8 35. Qe5+ Kg8 36. Nf6+ Kg7 37. Nd7+ Kg8 38. Nxf8 Kxf8 39. Qh8+ Ke7
40. Qxh7 Qd5+ 41. f3 Qc4 42. Qh4+ Qxh4 43. gxh4 Kf6 44. Kh3 Kg7 45. h5 gxh5 46.
Kg3 Kf6 47. Kf4 Kg6 48. h3 f5 49. Kg3 Kg5 50. f4+ Kf6 51. Kh4 Kg6 52. Kg3 Kf6
53. Kh4 Kg6 54. Kg3 Kf6 55. Kh4 Kg6 1/2-1/2

[Event "Olimpiade 2014 - Open"]
[Site "Tromsø"]
[Date "08.08.2014"]
[Round "6.14"]
[Board "2"]
[White "Meier, Georg"]
[Black "Michiels, Bart"]
[Result "1/2-1/2"]
[WhiteTitle "GM"]
[BlackTitle "GM"]
[WhiteElo "2646"]
[BlackElo "2535"]
[WhiteTeam "Germany"]
[BlackTeam "Belgium"]
[WhiteFideId "4675789"]
[BlackFideId "202967"]
[EventDate "2014.08.02"]

1. d4 d5 2. c4 c6 3. Nf3 Nf6 4. e3 e6 5. Nbd2 Nbd7 6. Bd3 Bd6 7. O-O O-O 8. e4
dxe4 9. Nxe4 Nxe4 10. Bxe4 h6 11. Bc2 e5 12. Re1 Bb4 13. Re2 exd4 14. Qd3 Nf6
15. h3 Re8 16. Rxe8+ Qxe8 17. Bf4 Be6 18. Be5 c5 19. a3 Ba5 20. Bxf6 gxf6 21.
Qh7+ Kf8 22. Nh4 Bd2 23. Nf5 Bxf5 24. Bxf5 Rd8 25. Rd1 Qe5 26. Be4 f5 27. Bxf5
Re8 28. Bd3 Re6 29. g3 Ba5 30. Rf1 Qf6 31. Kg2 Re1 32. h4 Bd2 33. Bf5 Rxf1 34.
Kxf1 Qg7 35. Qxg7+ 1/2-1/2

[Event "Olimpiade 2014 - Open"]
[Site "Tromsø"]
[Date "08.08.2014"]
[Round "6.14"]
[Board "3"]
[White "Ringoir, Tanguy"]
[Black "Fridman, Daniel"]
[Result "1/2-1/2"]
[WhiteTitle "IM"]
[BlackTitle "GM"]
[WhiteElo "2508"]
[BlackElo "2639"]
[WhiteTeam "Belgium"]
[BlackTeam "Germany"]
[WhiteFideId "208027"]
[BlackFideId "11600454"]
[EventDate "2014.08.02"]

1. d4 Nf6 2. c4 e6 3. Nc3 Bb4 4. Qc2 d5 5. a3 Bxc3+ 6. Qxc3 O-O 7. Nf3 dxc4 8.
Qxc4 b6 9. Bg5 Bb7 10. e3 Nbd7 11. Be2 c5 12. O-O h6 13. Bh4 Rc8 14. Rfd1 Bd5
15. Qa4 Bc6 16. Qb3 Bd5 17. Qa4 Bc6 18. Qb3 Bd5 19. Qa4 Bc6 1/2-1/2

[Event "Olimpiade 2014 - Open"]
[Site "Tromsø"]
[Date "08.08.2014"]
[Round "6.14"]
[Board "4"]
[White "Nisipeanu, Liviu-Dieter"]
[Black "Vandenbussche, Thibaut"]
[Result "1-0"]
[WhiteTitle "GM"]
[BlackTitle "FM"]
[WhiteElo "2689"]
[BlackElo "2411"]
[WhiteTeam "Germany"]
[BlackTeam "Belgium"]
[WhiteFideId "1202758"]
[BlackFideId "204412"]
[EventDate "2014.08.02"]

1. e4 d6 2. d4 Nf6 3. f3 Nbd7 4. Be3 e5 5. d5 Be7 6. Qd2 c6 7. c4 a5 8. Nc3 a4
9. Nh3 Qa5 10. Nf2 Nc5 11. Be2 O-O 12. O-O Bd7 13. Kh1 Rfc8 14. f4 exf4 15. Bd4
cxd5 16. exd5 b5 17. Qxf4 bxc4 18. Nfe4 Ncxe4 19. Nxe4 Qxd5 20. Nxf6+ Bxf6 21.
Bxf6 gxf6 22. Bf3 Qg5 23. Bxa8 Qxf4 24. Rxf4 Rxa8 25. Rxc4 Rb8 26. Rc2 Be6 27.
Rd2 f5 28. Kg1 Kf8 29. a3 Ke7 30. Rc1 Kd7 31. Rf1 Rb5 32. Rf4 Bb3 33. Rh4 Re5
34. Rxh7 Re4 35. Rh6 Be6 36. Rh8 d5 37. Rb8 Kd6 38. Rb4 Ke5 39. Kf2 f4 40. Re2
Bd7 41. Rexe4+ dxe4 42. h4 1-0

[Event "Olimpiade 2014 - Open"]
[Site "Tromsø"]
[Date "08.08.2014"]
[Round "6.15"]
[Board "1"]
[White "Negi, Parimarjan"]
[Black "Bologan, Viktor"]
[Result "1-0"]
[WhiteTitle "GM"]
[BlackTitle "GM"]
[WhiteElo "2645"]
[BlackElo "2654"]
[WhiteTeam "India"]
[BlackTeam "Moldova"]
[WhiteFideId "5016690"]
[BlackFideId "13900048"]
[EventDate "2014.08.02"]

1. e4 e5 2. Nf3 Nc6 3. Bb5 Nf6 4. d3 Bc5 5. Bxc6 dxc6 6. Nbd2 O-O 7. O-O Re8 8.
Nc4 Nd7 9. Kh1 Bd6 10. Bg5 f6 11. Be3 Nf8 12. Nh4 Be6 13. Nf5 Qd7 14. Qf3 Ng6
15. g3 Bf8 16. Nd2 c5 17. Rg1 Nh8 18. g4 g6 19. Rg3 Nf7 20. Rag1 Kh8 21. Qg2 Bd6
22. Nf3 Rg8 23. Qh3 g5 24. Qg2 Qa4 25. h4 gxh4 26. N5xh4 Be7 27. Nf5 Qd7 28. Qh2
Bxf5 29. gxf5 1-0

[Event "Olimpiade 2014 - Open"]
[Site "Tromsø"]
[Date "08.08.2014"]
[Round "6.15"]
[Board "2"]
[White "Svetushkin, Dmitry"]
[Black "Sasikiran, Krishnan"]
[Result "1/2-1/2"]
[WhiteTitle "GM"]
[BlackTitle "GM"]
[WhiteElo "2547"]
[BlackElo "2669"]
[WhiteTeam "Moldova"]
[BlackTeam "India"]
[WhiteFideId "13900463"]
[BlackFideId "5004985"]
[EventDate "2014.08.02"]

1. e4 c5 2. Nf3 d6 3. Bb5+ Nd7 4. c3 Nf6 5. Qe2 a6 6. Ba4 e6 7. O-O b5 8. Bc2
Bb7 9. d4 Be7 10. a4 cxd4 11. cxd4 O-O 12. Bf4 Qb6 13. Nbd2 Rfc8 14. Bd3 Nf8 15.
h3 Ng6 16. Bh2 bxa4 17. Rxa4 Qxb2 18. Raa1 Qb6 19. Rfb1 Qc7 20. Bxa6 Bxa6 21.
Rxa6 Qc2 22. Rab6 d5 23. R6b2 Qa4 24. Rb7 dxe4 25. Nxe4 Nd5 26. h4 Ra7 27. Rb8
Ra8 28. R8b7 Ra7 29. Rb8 Ra8 30. R8b7 Ra7 31. Rb8 1/2-1/2

[Event "Olimpiade 2014 - Open"]
[Site "Tromsø"]
[Date "08.08.2014"]
[Round "6.15"]
[Board "4"]
[White "Cerbulenco, Liviu"]
[Black "Lalith, Babu M.R."]
[Result "0-1"]
[BlackTitle "GM"]
[WhiteElo "2203"]
[BlackElo "2565"]
[WhiteTeam "Moldova"]
[BlackTeam "India"]
[WhiteFideId "13904906"]
[BlackFideId "5024595"]
[EventDate "2014.08.02"]

1. e4 g6 2. Nc3 Bg7 3. f4 c6 4. Nf3 d5 5. d3 Bg4 6. h3 Bxf3 7. Qxf3 e6 8. Bd2
Nd7 9. O-O-O Ne7 10. g4 Qb6 11. h4 h5 12. gxh5 Rxh5 13. Be2 dxe4 14. dxe4 Nc5
15. Qg2 Rh8 16. h5 O-O-O 17. Bf3 Bd4 18. Qe2 Qc7 19. Kb1 gxh5 20. Bxh5 f5 21.
Bf3 Bxc3 22. Bxc3 Rxh1 23. Rxh1 fxe4 24. Bxe4 Qxf4 25. Bg2 Nf5 26. Rh8 Rxh8 27.
Bxh8 Ne3 28. Bf3 e5 29. a3 Ne6 30. c3 Nc5 31. Bh5 Nb3 32. Qd3 Nc4 33. Bg6 Qc1+ 0-1

[Event "Olimpiade 2014 - Open"]
[Site "Tromsø"]
[Date "08.08.2014"]
[Round "6.16"]
[Board "1"]
[White "Shirov, Alexei"]
[Black "Solak, Dragan"]
[Result "1-0"]
[WhiteTitle "GM"]
[BlackTitle "GM"]
[WhiteElo "2709"]
[BlackElo "2632"]
[WhiteTeam "Latvia"]
[BlackTeam "Turkey"]
[WhiteFideId "2209390"]
[BlackFideId "916811"]
[EventDate "2014.08.02"]

1. d4 c6 2. c4 d5 3. Nc3 Nf6 4. e3 a6 5. Nf3 b5 6. c5 g6 7. Ne5 Nfd7 8. f4 Nxe5
9. fxe5 Bg7 10. Bd3 O-O 11. e4 f6 12. exf6 exf6 13. exd5 Re8+ 14. Be2 b4 15. d6
bxc3 16. O-O cxb2 17. Bc4+ Be6 18. Bxe6+ Rxe6 19. Bxb2 Nd7 20. d5 cxd5 21. Qxd5
Nxc5 22. Ba3 Kh8 23. Qxc5 Qd7 24. Rae1 Rae8 25. Bb4 Bh6 26. Qc7 Qb5 27. d7 Rxe1
28. Bxe1 Be3+ 29. Bf2 Bxf2+ 30. Kxf2 Re2+ 31. Kg1 Rxg2+ 32. Kxg2 Qe2+ 33. Rf2
Qe4+ 34. Kf1 Qb1+ 35. Ke2 Qxa2+ 36. Kd3 Qxf2 37. d8=Q# 1-0

[Event "Olimpiade 2014 - Open"]
[Site "Tromsø"]
[Date "08.08.2014"]
[Round "6.16"]
[Board "2"]
[White "Esen, Baris"]
[Black "Kovalenko, Igor"]
[Result "1/2-1/2"]
[WhiteTitle "GM"]
[BlackTitle "GM"]
[WhiteElo "2589"]
[BlackElo "2650"]
[WhiteTeam "Turkey"]
[BlackTeam "Latvia"]
[WhiteFideId "6302114"]
[BlackFideId "14117908"]
[EventDate "2014.08.02"]

1. d4 Nf6 2. Nf3 g6 3. c4 Bg7 4. g3 O-O 5. Bg2 c5 6. Nc3 cxd4 7. Nxd4 Qc7 8. Qd3
Nc6 9. O-O d6 10. b3 Bd7 11. Bb2 Rfc8 12. Rfc1 Qa5 13. Nd5 Nxd5 14. Bxd5 Rab8
15. Bc3 Qc5 16. Nc2 Ne5 17. Qd2 Ng4 18. Bd4 Bxd4 19. Qxd4 Nf6 20. Bg2 Bc6 21.
Qxc5 dxc5 22. Bxc6 Rxc6 23. Rd1 Kf8 24. f3 Ke8 25. Kf2 g5 26. Ne1 g4 27. Nd3
gxf3 28. exf3 Rd8 29. Nf4 Rd7 30. g4 Ra6 31. Nd3 Rad6 32. Ke2 b6 33. Nf4 Rd4 34.
Rxd4 Rxd4 35. Ke3 Nd7 36. Nd3 Rd6 37. h4 Nb8 38. g5 Nc6 39. Rh1 Nd4 40. Nf2 Re6+
41. Ne4 f5 42. gxf6 exf6 43. Kf2 f5 44. Nc3 Kf7 45. Rg1 a6 46. Rb1 Rh6 47. Kg3
Rg6+ 48. Kf2 Rc6 49. Nd5 Re6 50. Nf4 Rd6 51. Re1 Nc6 52. Nd5 b5 53. Kg3 Rh6 54.
Re2 Kf8 55. Rh2 bxc4 56. bxc4 Ne5 57. Ne3 Nd3 58. f4 Re6 59. Nxf5 Re4 60. Rd2
Rxf4 61. Rxd3 Rxf5 62. Rd6 Re5 63. Rxa6 Re4 64. Ra8+ Kg7 65. a4 Rxc4 66. a5 Ra4
67. a6 c4 68. Rc8 Rxa6 69. Rxc4 1/2-1/2

[Event "Olimpiade 2014 - Open"]
[Site "Tromsø"]
[Date "08.08.2014"]
[Round "6.16"]
[Board "3"]
[White "Neiksans, Arturs"]
[Black "Yilmaz, Mustafa"]
[Result "1/2-1/2"]
[WhiteTitle "GM"]
[BlackTitle "GM"]
[WhiteElo "2572"]
[BlackElo "2569"]
[WhiteTeam "Latvia"]
[BlackTeam "Turkey"]
[WhiteFideId "11601388"]
[BlackFideId "6302718"]
[EventDate "2014.08.02"]

1. d4 d5 2. c4 c6 3. Nf3 Nf6 4. e3 Bf5 5. Nc3 a6 6. Bd3 Bg6 7. O-O e6 8. Qe2
Nbd7 9. e4 dxe4 10. Nxe4 Nxe4 11. Bxe4 Bxe4 12. Qxe4 Be7 13. Bf4 O-O 14. Rfd1
Re8 15. Rd3 Qa5 16. Rb3 Nf6 17. Qe1 Qxe1+ 18. Rxe1 b5 19. Rc1 Nd7 20. a4 b4 21.
Rd3 Rac8 22. b3 Red8 23. Rcd1 Nf8 24. Kf1 Ng6 25. Be3 f5 26. g3 Bf6 27. h4 h6
28. h5 Nf8 29. Bf4 Kf7 30. Ke2 Nd7 31. Bd6 a5 32. Ne5+ Ke8 33. Ng6 Nb6 34. Bf4
Nd7 35. f3 Nf8 36. Ne5 Nd7 37. g4 fxg4 38. fxg4 Nxe5 39. dxe5 Be7 40. Be3 c5 41.
Rxd8+ Rxd8 42. Rxd8+ Kxd8 43. Kf3 1/2-1/2